Personnages célèbres - Série 37 - Statistiques

Statistiques générales
  • Ce quiz a été pris 161 fois
  • Le résultat moyen est 6 sur 15
Statistiques - réponses
Par images Réponse % Correct
Johnny Hallyday
92%
Oliver Hardy
81%
Gérard Hernandez
57%
Dustin Hoffman
53%
Audrey Hepburn
46%
Hulk Hogan
41%
Julie Zenatti
41%
Zucchero
31%
Ed Harris
27%
Larry Hagman
24%
Ticky Holgado
20%
Rita Hayworth
15%
Terence Hill
13%
Zizi Jeanmaire
12%
William Holden
4%
Aucun quiz correspondant
Distribution des résultats
% des personnes avec chaque résultat
Percentile par nombre de réponses
Votre historique - résultats
Vous n’avez pas pris ce quiz